02368nam a22002897a 4500008004100000020001800041040000800059041000800067050002700075100003900102245002800141260005600169300006700225520066600292520061500958650003401573650006401607650003001671650005801701650006401759650006801823655004101891655003001932942000801962952009301970999001502063251020b |||||||| |||| 00| 0 eng d a9782021583632 cTBS afre aPQ3919.3b.J43Q56 2023 aJean, Micheld1960-926214eauthor a Qimmikc/ Michel Jean. aMontreal :bLes Éditions Libre Expression,c2023. a219 pages : billustrations, maps (black and white) ; c22 cm. aDepuis cinq mille ans, l'inuktitut et le jappement des qimmiit résonnent dans le Nunavik. La vie y est cruelle. Mais c'est ce qui la rend belle. Précieuse. » Entre la taïga et la toundra, un jeune couple inuit du Nunavik se découvre et apprend à s'aimer. Accompagnés de leurs chiens, les qimmiit, Saullu et Ulaajuk parcourent un continent encore sauvage, tous libres et solidaires. Quelques décennies plus tard, une avocate est dépêchée sur la Côte-Nord pour défendre un meurtrier inuk dont les victimes sont d'anciens policiers de la Sécurité du Québec. Sa quête de justice l'emmènera au-delà de ce qu'elle avait imaginé. aFor five thousand years, Inuktitut and the yapping of the qimmiit have resonated in Nunavik. Life there is cruel. But that's what makes it beautiful. Precious." Between the taiga and the tundra, a young Inuit couple from Nunavik discover each other and learn to love each other. Accompanied by their dogs, the qimmiit, Saullu and Ulaajuk travel across a still wild continent, all free and united. A few decades later, a lawyer is dispatched to the North Shore to defend an Inuk murderer whose victims are former Quebec Security police officers. Her quest for justice will take her beyond what she had imagined. 0aInuitzCanadavFiction926215 0aMurderxInvestigation zQuébec (Province)vFiction926216 0aSled dogsvFiction926217 0aSerial murdererszQuébec (Province)vFiction926218 0aPolicezQuébec (Province)xAssassination vFiction926219 0aHuman-animal relationshipszQuébec (Province)vFiction926220 0aDetective and mystery fiction923664 0aHistorical fiction922722 2lcc 00102lcc4070aTBSbTBSd2025-10-20l0oP-FR JEApB07717r2025-10-20t1w2025-10-20y1 c5065d5065